| 000 | 01543nam a22003257a 4500 | ||
|---|---|---|---|
| 999 |
_c28966 _d28937 |
||
| 003 | EG-ScBUE | ||
| 005 | 20201020112445.0 | ||
| 008 | 200219s2009 ua f b 000 0 ara d | ||
| 017 | _a2009/7034 | ||
| 020 | _a9789774730016 | ||
| 040 |
_aEG-ScBUE _bara _erda _cEG-ScBUE _dEG-ScBUE |
||
| 082 | 0 | 4 |
_a338.7 _bز ي د _222 |
| 100 | 1 |
_aزيدان، عمرو علاء الدين، _eمؤلف. |
|
| 245 | 1 | 0 |
_aإدارة الشركات العائلية : _b5 قضايا إستارتيجية معاصرة / _cتأليف د. عمرو علاء الدين زيدان، مستشار المنظمة العربية للتنمية الإدارية، جامعة الدول العربية، القاهرة - جمهورية مصر العربية. |
| 246 | 3 |
_aإدارة الشركات العائلية : _bخمس قضايا إستارتيجية معاصرة |
|
| 264 | 1 |
_aالقاهرة، جمهورية مصر العربية : _bمنشورات المنظمة العربية للتنمية الإدارية، _c2009. |
|
| 300 |
_a270 صفحة ؛ _c24 سم. |
||
| 336 |
_2rdacontent _aنص _btxt |
||
| 337 |
_2rdamedia _aبدون وسيط _bn |
||
| 338 |
_2rdacarrier _aمجلد _bnc |
||
| 490 | 0 |
_aبحوث ودراسات ؛ _v460 |
|
| 504 | _aيشتمل على إرجاعات ببليوجرافية. | ||
| 650 | 7 |
_aالشركات الصناعية. _2BUEsh |
|
| 650 | 7 |
_aالشركات الخاصة. _2BUEsh |
|
| 650 | 7 |
_aالاستثمار. _2BUEsh |
|
| 651 | _2BUEsh | ||
| 653 |
_bBUSECO _cOctober2020 |
||
| 655 |
_vReading book _934232 |
||
| 942 | _2ddc | ||